Ashgabat International Airport Destinations (Ashgabat, Turkmenistan) - Statistics

General Stats
  • This quiz has been taken 114 times
    51 since last reset
  • The average score is 12 of 24
Answer Stats
Airline Destination % Correct
S7 Airlines/Turkmenistan Airlines Moscow (Domodedovo)
94%
Turkmenistan Airlines Beijing (Capital)
92%
flydubai/Turkmenistan Airlines Dubai (International)
89%
Turkish Airlines/Turkmenistan Airlines Istanbul
89%
Turkmenistan Airlines Delhi
81%
Turkmenistan Airlines Abu Dhabi
78%
Turkmenistan Airlines London (Gatwick)
75%
Turkmenistan Airlines Frankfurt
61%
China Southern Airlines Ürümqi
61%
Turkmenistan Airlines Jeddah
53%
Turkmenistan Airlines Bangkok (Suvarnabhumi)
44%
Turkmenistan Airlines Kazan
44%
Turkmenistan Airlines Türkmenbaşy
42%
China Southern Airlines Xi'an
39%
Turkmenistan Airlines Milan (Malpensa)
36%
Turkmenistan Airlines Mary
33%
Turkmenistan Airlines Seoul (Incheon)
33%
Turkmenistan Airlines Medina
31%
Turkmenistan Airlines Türkmenabat
28%
Turkmenistan Airlines Kuala Lumpur (International)
22%
Turkmenistan Airlines Balkanabat
19%
Turkmenistan Airlines Daşoguz
17%
Turkmenistan Airlines Ho Chi Minh City
14%
Turkmenistan Airlines Kerki
8%
No matching quizzes found
Score Distribution
Percent of People with Each Score
Percentile by Number Answered
Your Score History
You have not taken this quiz since the last reset